000 00332 a2200109 4500
020 _a0415408172
082 _a624.1821 DUB
100 _aDubina,D
245 _aSteel : a new and traditional materials for building /
_cedited by D.Dubina
260 _aLondon :
_cTaylot & Francis,
_b2006
300 _a648p. :
_bill . ;
_c25cm
650 _asteel structure
_yproceedings
999 _c1306
_d1306